Prowincje(stany) i terytoria Indii - Statystyki

Ogólne statystyki
  • Ten quiz został rozwiązany 28 razy
  • Średni wynik to 8 z 36
Statystyki odpowiedzi
Odpowiedzi % Poprawnych
8 Gudzarat
82%
36 Delhi
73%
7 Goa
55%
4 Bengal Zachodni
45%
13 Kerala
45%
21 Pendzab
36%
22 Radzastan
36%
24 Tamilnadu
36%
28 Uttar Pradesh
36%
29 Andamany i Nikobary
27%
3 Asam
27%
32 Dzammu i Kaszmir
27%
15 Maharasztra
27%
20 Orisa
27%
26 Tripura
27%
34 Lakszadiwy
18%
14 Madhya Pradesh
18%
19 Nagaland
18%
35 Puducherry
18%
1 Andhra Pradesh
9%
2 Arunachal Pradesh
9%
5 Bihar
9%
6 Chhattisgarh
9%
30 Czandigarh
9%
31 Dadra i Nagarhaweli oraz Daman i Diu
9%
9 Haryana
9%
10 Himachal Pradesh
9%
11 Jharkhand
9%
12 Karnataka
9%
33 Ladakh
9%
16 Manipur
9%
17 Meghalaya
9%
18 Mizoram
9%
23 Sikkim
9%
25 Talangana
9%
27 Uttarakhand
9%
Nie znaleziono quizów pasujących do podanych kryteriów
Rozkład punktacji
Procent ludzi z każdym wynikiem
Percentyl według liczby udzielonych odpowiedzi
Twoja historia wyników
Nie rozwiązałeś tego quizu